Justicia constitucional y derechos fundamentales
Wedi'i Gadw mewn:
| Prif Awdur: | |
|---|---|
| Fformat: | Llyfr |
| Iaith: | Sbaeneg |
| Cyhoeddwyd: |
Santiago
LexisNexis
2006
|
| Rhifyn: | 1a. ed |
| Pynciau: | |
| Tagiau: |
Ychwanegu Tag
Dim Tagiau, Byddwch y cyntaf i dagio'r cofnod hwn!
|
MARC
| LEADER | 00000nam a2200000 a 4500 | ||
|---|---|---|---|
| 001 | UCI0873 | ||
| 003 | CL-VaPUC | ||
| 008 | 070601e20060800CL |||||||||||||||||spa|d | ||
| 020 | |a 9562386546 | ||
| 082 | 0 | 4 | |a 342 |b BOR |2 21 |
| 100 | 0 | |a Bordalí Salamanca, Andrés |e author |9 521048 | |
| 245 | 1 | 0 | |a Justicia constitucional y derechos fundamentales |
| 250 | |a 1a. ed | ||
| 300 | |a 207 p | ||
| 942 | |c BK | ||
| 945 | |d 20070601 00:00:00 |a jtorresc | ||
| 260 | |a Santiago |b LexisNexis |c 2006 | ||
| 650 | 0 | |a Derecho constitucional |9 222588 | |
| 650 | 0 | |a Constitución política |9 336925 | |
| 650 | 0 | |a Derechos civiles |9 255655 | |
| 583 | |a last modification |c 20140404 11:01:09 |k Rodrigo Vera | ||
| 999 | |c 325847 |d 325845 | ||
| 952 | |0 0 |1 0 |4 0 |6 342_000000000000000_BOR_2006 |7 0 |8 A |9 407293 |a BIBDER |b BIBDER |d 2019-11-22 |i 4345738 |l 2 |o 342 BOR 2006 |p 4345738 |r 2024-12-20 |s 2024-11-28 |w 2019-11-22 |y BK |k DER | ||